Rahatı kaçan orman: (Record no. 15132)

MARC details
000 -BAŞLIK
Sabit Uzunlukta Kontrol Alanı 00783nam a22002297a 4500
999 ## - SİSTEM KONTROL NUMARALARI (KOHA)
Koha Biblionumber 15132
Koha Biblioitemnumber 15132
003 - KONTROL NUMARASI IDENTIFIER
Denetim Alanı MIRAKIL
005 - SON İŞLEM TARİHİ VE ZAMANI
Denetim Alanı 20221228121606.0
008 - SABİT-BOY VERİ ELEMANLARI - GENEL BİLGİLER
Sabit Uzunlukta Kontrol Alanı 221228b tu ||||| |||| 00| 0 tur d
020 ## - ULUSLARARASI STANDART KİTAP NUMARASI
Uluslararası Standart Kitap Numarası 9786257537513
040 ## - KATALOGLAMA KAYNAK
Orijinal Kataloglama Ajansı TR-AnCHP
Kataloglama Dili tur
Metne Dönüştürmek Ajansı TR-AnCHP
041 ## - DİL KODU
Metin / Ses Parça Veya Ayrı Başlığın Dil Kodu tur
082 ## - DEWEY ONLU SINIFLANDIRMA NUMARASI
Sınıflandırma Numarası 634.92
Ürün Numarası A75r 2022
100 ## - ANA GİRİŞ - KİŞİSEL İSİM
Kişisel Ad Atmış, Erdoğan
245 ## - BAŞLIK TABLOSU
Başlık Rahatı kaçan orman:
Başlığın Kalan ormansızlaşma hakkında yazı ve söyleşiler/
Sorumluluk Tablosu, Vb Erdoğan Atmış.
246 ## - UNVAN FORM VARYING
Başlık Doğru / Kısa Başlığı ormansızlaşma hakkında yazı ve söyleşiler
260 ## - YAYIN, DAĞITIM, VB
Yayın, Dağıtım, Vb Yeri İstanbul:
Yayıncı, Dağıtıcı, Vs Adı Yeni insan Yayınevi,
Yayın, Dağıtım, Vb Tarihi 2022.
300 ## - FİZİKSEL TANIM
Kapsam 157 s.:
Diğer Fiziksel Ayrıntıları tbl.;grf.;
Boyutlar 21 sm.
490 ## - SERİSİ TABLOSU
Seri Beyanı Yeni İnsan Yayınevi;
-- Ekoloji Serisi;
Hacim / Ardışık Tanımı 358.
-- 67.
650 ## - KONU KATMA GİRİŞ - TOPİKAL DÖNEM
Topikal Süreli Veya Coğrafi Ad Giriş Elemanı Ormancılık
Genel Alt Bölümü makaleler
651 ## - KONU KATMA GİRİŞ - COĞRAFİ ADI
Coğrafi İsim Türkiye
Genel Alt Bölümü Ormancılık
Kronolojik Alt Bölümü sorunlar ve çözümler
942 ## - EKLENDİ GİRİŞ ELEMANLARI (KOHA)
Sınıflandırma Veya Raf Düzeni Kaynak Dewey Decimal Classification
Koha Öğesi Türü Books
Holdings
Kalıcı Konum Mevcut Konum Edinme Tarihi Toplam Check-Out'Lar Tam Çağrı Numarası Barkod Tarih Son Görülme İtibaren Geçerli Fiyatlar Koha Öğesi Türü
CHP Kütüphanesi CHP Kütüphanesi 12/28/2022   634.92 A75r 2022 020699 12/28/2022 12/28/2022 Books